000 00255nam a2200109Ia 4500
008 220204s9999 xx 000 0 und d
082 _a82-3
_bGIL
100 _aGilman, George G
245 4 _aThe Biggest bounty
260 _aLondon
_bNel
_c1978
942 _cBK
999 _c33521
_d33521